Secondary yields begin to rise after slow start to year (Record no. 83780)

MARC details
000 -LEADER
fixed length control field 00934cab a22001935a 4500
001 - CONTROL NUMBER
control field L155019
008 - FIXED-LENGTH DATA ELEMENTS--GENERAL INFORMATION
fixed length control field 120220e20120210xxk 000 0 eng d
035 ## - SYSTEM CONTROL NUMBER
System control number (Sirsi) u155019
041 0# - LANGUAGE CODE
Language code of text/sound track or separate title eng
110 2# - MAIN ENTRY--CORPORATE NAME
Corporate name or jurisdiction name as entry element Property Week
9 (RLIN) 1549
245 00 - TITLE STATEMENT
Title Secondary yields begin to rise after slow start to year
260 ## - PUBLICATION, DISTRIBUTION, ETC.
Date of publication, distribution, etc. 2012
490 #0 - SERIES STATEMENT
Series statement Property Week
Volume/sequential designation 78(06) 10 February 2012, 38(1)
520 ## - SUMMARY, ETC.
Summary, etc. Cushman & Wakefield's January 2012 UK investment market briefing shows that yields of "secondary" retail, shopping parks, bulky-goods parks and offices in "secondary" regional cities all increased by 25 basis points during the month. The yield gap however between prime and secondary is still increasing. Tables cover prime property comparative yields from 2009-January 2012, and prime property yields over the decades, 1950 to date.
590 ## - LOCAL NOTE (RLIN)
Local note KA
651 #4 - SUBJECT ADDED ENTRY--GEOGRAPHIC NAME
Geographic name United Kingdom
Chronological subdivision
690 ## - LOCAL SUBJECT ADDED ENTRY--TOPICAL TERM (OCLC, RLIN)
Topical term or geographic name as entry element Commercial property
9 (RLIN) 6227
942 ## - ADDED ENTRY ELEMENTS (KOHA)
Suppress in OPAC 0
Holdings
Withdrawn status Lost status Source of classification or shelving scheme Damaged status Not for loan Home library Current library Shelving location Date acquired Total Checkouts Full call number Barcode Date last seen Copy number Price effective from Koha item type
    Dewey Decimal Classification     London London Journal article 20/02/2012   L155019 155019-1001 06/08/2019 1 06/08/2019 Journal article